| 000 -LEADER |
| fixed length control field |
00553nam a22001937a 4500 |
| 008 - FIXED-LENGTH DATA ELEMENTS--GENERAL INFORMATION |
| fixed length control field |
151013b xxu||||| |||| 00| 0 eng d |
| 020 ## - INTERNATIONAL STANDARD BOOK NUMBER |
| International Standard Book Number |
0256097909 |
| 041 0# - LANGUAGE CODE |
| Language code of text/sound track or separate title |
eng |
| 080 ## - UNIVERSAL DECIMAL CLASSIFICATION NUMBER |
| Universal Decimal Classification number |
658 |
| 100 1# - Rafti |
| Rafti |
Donnelly, James H. |
| 245 10 - TITLE STATEMENT |
| Title |
Fundamentals of management / |
| Statement of responsibility, etc |
James H. Donnelly, Jr., James L. Gibson, John M. Ivancevich. |
| 250 ## - |
| -- |
8th ed. |
| 260 ## - |
| -- |
Homewood, IL : |
| -- |
Irwin, |
| -- |
1992. |
| 300 ## - |
| -- |
xxxiii, 840 f. : |
| -- |
me il.; |
| -- |
26 cm. |
| 650 #0 - |
| -- |
Menaxhim |
| 700 1# - |
| -- |
Gibson, James L. |
| 700 1# - |
| -- |
Ivancevich, John M. |
| 942 ## - ADDED ENTRY ELEMENTS (KOHA) |
| Source of classification or shelving scheme |
|
| Item type |
Books |